00605nam a2200205Ia 450000500170000000800460001703700110006304000080007404000080008204000080009004100080009804100080010608400080011410000390012224501410016126000090030230000090031165000120032070000670033220260430150003.0008 250103s9999 xx 000 0 eng d aTheses aCRL beng ceng 2eng aeng qCRL aShivani Kumari Au.; Singh D.K. Gu. 0aPotential application of isolated jeotgalicoccus sp. CR2 for the degradation of chloramphenicol and remediation of multiple heavy metals c2021 a81p. aZoology aUniversity of Delhi. Faculty of Science. Department of Zoology